000 01301nam a2200349 i 4500
001 193213
003 SpMaBN
005 20240825183624.0
007 ta
008 231005s2014 sp | |||| 000 p spa
020 _a9788363706227
040 _cEs-MaACL
080 _a821.134.2-14"19"
100 1 _aNistal, Gloria
_0XX1740682
_eaut
_9234310
245 1 0 _aWiosna en Varsovia =
_b[Primavera en Varsovia] /
_cGloria Nistal ; przelozyly, Magdalena Claver Pater, Krystyna Rodowska
246 1 _aPrimavera en Varsovia
260 _aRzeszów :
_bPodkarpacki Instytut Ksiazki i Marketingu,
_c2014
300 _a75 páginas ;
_c21 cm
336 _2rdacontent
_aTexto
337 _2rdamedia
_asin mediación
338 _2rdacarrier
_avolumen
546 _aTexto paralelo en polaco y español
655 7 _aPoesías
_2tgfbne
_9176539
700 1 _aClaver Pater, Magdalena
_9234313
700 1 _aRodowska, Krystyna,
_9234314
_d1937-
852 _aES-MaACL
_bR.154652
_9200595
_cDEPOJ
_jN-9423
_xEncuadernación rústica
_hDonación: Gloria Nistal
903 _aNistal, Gloria
_ednr
_9234310
942 _n0
_cMONOGRAFIA
999 _c193213
_d193213